000 00704nam a22002297a 4500
003 OSt
005 20150321103732.0
008 150204b xxu||||| |||| 00| 0 eng d
020 _a968-39-1515-9
040 _cBMC
082 _a839.83
100 1 _aGaarder, Jostein
_931097
245 1 3 _aEl mundo de Sofía
_b: novela sobre la historia de la filosofía
_cJostein Gaarder ; traducción Kirsti Baggethun y Asunción Lorenzo
250 _a1ª ed., 14ª reimp
260 _aMéxico D.F.
_bPatria
_c2004
300 _aX, 638 p.
_c21 cm
490 _aLas Tres Edades
650 2 4 _929469
_aNovela noruega
700 1 _931135
_aBaggethun, Kirsti
700 1 _931134
_aLorenzo, Asunción
942 _2ddc
_cBK
999 _c18122
_d18122